Statistiken für Österreichische Geschichte nach 1918

Klicken Sie hier um das Quiz zu spielen!

Allgemein

  • Dieses Quiz wurde 301 mal gespielt
  • Das Durchschnittsergebnis liegt bei 9 aus 16

Antwortstatistiken

BeschreibungAntwort% Korrekt
Staatenbund dem Österreich 1995 beitratEuropäische Union
96%
Österreichische Währung vorm 1. Jänner 2002Schilling
91%
Von den Nazis gebautes KZ in der Nähe von LinzMauthausen
80%
Berühmter sozialdemokratischer Bundeskanzler (1970-1983)Bruno Kreisky
71%
Berühmter österreichischer Rechtspolitiker bzw -populist; kärntner LandeshauptmannJörg Haider
71%
Nach einer Volksabstimmung nie in Betrieb genommenes AKWZwentendorf
67%
Begründer des austrofaschistischen Ständestaats; von 1933-1934 DiktatorEngelbert Dollfuß
62%
Österreichischer Bundeskanzler von 1945-1953 (ÖVP); "Österreich ist frei!"Leopold Figl
58%
ÖVP-Bundeskanzler von 2000-2007Wolfgang Schüssel
56%
Name Österreichs von 1939-1942 (während der NS-Diktatur)Ostmark
54%
UN-Generalsekretär und österreichischer Bundespräsident mit NS-VergangenheitKurt Waldheim
52%
Name der am 12.11.1918 ausgerufenen RepublikDeutschösterreich
43%
Paramilitärische Organisation der Sozialdemokratischen Arbeiterpartei (ca. 1924-1934)Republikanischer Schutzbund
35%
Burgenländischer Ort der 1927 zur Eskalation der politischen Lage beitrugSchattendorf
30%
Einheitspartei im AustrofaschismusVaterländische Front
14%
Name des österreichischen Bürgerkriegs 1934Februaraufstand
11%

Verteilung der Resultate

Perzentil nach korrekt beantworteten Fragen

Anzahl Personen mit jedem Resultat

Ihre Resultats-Entwicklung

Sie haben dieses Quiz noch nicht gespielt